000 03398nam a2200253 4500
003 vecauma
005 20260416142128.0
007 ta
008 260416b ve ||||| |||| 00| 0 spa d
020 _a9701018907
040 _avecauma
_bspa
_cvecauma
_dvecauma
_erda
041 _aspa
100 1 _eautor
245 1 _aLa imagen del éxito
_c/ Gaby Vargas
264 _aMéxico:
_bMcGraw-Hill;
_c1998.
300 _a205 páginas.
336 _atexto
_btxt
_2rdacontenido
337 _ano mediado
_bn
_2rdamedio
338 _avolumen
_bnc
_2rdasoporte
505 0 _aComunicación no verbal Su imagen. Su mejor argumento / ¿Qué comunica su persona sin hablar? / Los sentidos ¿Qué comunican? / La fuerza del estilo propio / La ropa Una imagen ejecutiva de primer nivel / Usted es especial / Los accesorios... La clave de la elegancia / Protocolo Presentaciones y citas de negocios / ¿Cómo ser un buen conversador? / Etiqueta del ejecutivo / La mesa / Lenguaje corporal Lo que comunica su cuerpo /
520 3 _aGabriela Vargas de González Carbonell es esposa y madre de tres hijos, es fundadora y directora de Diseño Facial Spa y de Imagen Ejecutiva Empresarial. Desde 1977 se ha dedicado al estudio y asesoría de imagen. Su formación profesional en el campo de la superación personal, y la comunicación no verbal la efectuó tomando diversos cursos en Institutos de Europa, Estados Unidos y México. Durante dos años y medio, escribió para el periódico El Universal con la columna "Imagen Ejecutiva". Ha sido entrevistada por diferentes canales de televisión, estaciones de radio, periódicos y revistas sobre el tema "La importancia de la imagen y la comunicación no verbal". Actualmente es conferencista, participa con la sección "El lenguaje de la imagen" en el noticiero "Para empezar" con Pedro Ferriz de Con, colabora en el periódico Reforma en la sección "Moda", y escribe para la revista "Paula". Es miembro honorario del International Women's Forum, y del Fashion Group International. Imagen, mensajes no verbales, claves sobre quiénes somos y qué hemos logrado y esperamos obtener, vestimenta, actitudes, tono de voz, arreglo, buenos modales. Todos son un gran conjunto de signos reveladores de nuestra personalidad y de nuestra vida. Lenguaje interior y exterior expresado en detalles que la autora Gabriela Vargas conoce mejor que nadie como especialista en imagen y como una mujer triunfadora. Gaby comparte con sus lectores esos grandes secretos que constituyen un lenguaje con tanta fuerza que no deja oír con claridad las palabras. Esa imagen que logra, convence, encanta y conduce a las grandes ligas. Ese protocolo del mundo empresarial, no escrito hasta ahora en México, que muchos conocen pero que otros muchos podrán tener ahora a su alcance. Un mundo de mensajes, claves y sugerencias para poder comunicar con impacto lo más importante que un ser humano desea dar a conocer: su yo. El libro está dividido en cuatro grandes secciones: lenguaje no verbal, protocolo, la ropa y lenguaje corporal. Todas y cada una son fundamentales para ese ejecutivo en ascenso que desea manejar con soltura y confianza el lenguaje de los grandes triunfadores. Le aseguramos que después de leer este libro podrá hablar de antes y después... camino al éxito.
942 1 _2lcc
_n0
_cBK
999 _c13386
_d13386